|
|
|
|
| LEADER |
00000nam a2200000 i 4500 |
| 001 |
DIGBRUJ402 |
| 003 |
NyNyDIG |
| 007 |
cr ||||||||||| |
| 008 |
230117s2016 ag od 001 0 spa d |
| 006 |
m o d |
| 035 |
|
|
|a (OCoLC)1367359270
|
| 040 |
|
|
|a DGITA
|b eng
|e rda
|e pn
|c DGITA
|
| 020 |
|
|
|a 9789875916562
|q eBook
|
| 050 |
1 |
4 |
|a LB15 ebook
|
| 100 |
1 |
|
|a Ander-Egg, Ezequiel,
|e author.
|
| 245 |
1 |
0 |
|a Diccionario de educación /
|c Ezequiel Ander-Egg.
|
| 250 |
|
|
|a 1a edición.
|
| 250 |
|
|
|a Edición ampliada y corregida.
|
| 264 |
|
1 |
|a Córdoba, Argentina :
|b Editorial Brujas,
|c [2016]
|
| 300 |
|
|
|a 1 online resource.
|
| 336 |
|
|
|a text
|b txt
|2 rdacontent
|
| 337 |
|
|
|a computer
|b c
|2 rdamedia
|
| 338 |
|
|
|a online resource
|b cr
|2 rdacarrier
|
| 347 |
|
|
|a text file
|2 rdaft
|
| 347 |
|
|
|b PDF
|
| 500 |
|
|
|a Includes index.
|
| 588 |
0 |
|
|a Online resource; title from PDF title page (Digitalia, viewed January 17, 2023)
|
| 650 |
|
0 |
|a Education
|v Dictionaries.
|
| 791 |
2 |
|
|a Digitalia (Firm),
|e distributor.
|
| 793 |
0 |
|
|g Digitalia eBook Collection:
|a Editorial Brujas
|
| 856 |
4 |
0 |
|3 Digitalia Hispánica
|u https://www.digitaliapublishing.com/a/115331/
|
| 910 |
|
|
|a Premium collection: 2023
|